| 000 | 008550am a2200229 004500 | ||
|---|---|---|---|
| 003 | EG-GiCUC | ||
| 008 | 080727s1961 le g 000 0 ara d | ||
| 040 |
_aEG-GiCUC _bara _cEG-GiCUC |
||
| 092 | 0 | 4 |
_a144 _bP464 _221 |
| 099 |
_a04 _a144 P464 |
||
| 100 | 1 | _aبرى : رالف بارتون | |
| 245 | 1 | 0 |
_aانسانية الانسان / _cتأليف رالف بارتون برى ؛ ترجمة سلمى الخضراء الجيوسى |
| 260 |
_aبيروت : _bمنشورات مكتبة المعارف فى بيروت : _c1961 |
||
| 300 |
_a230ص ؛ _c20سم |
||
| 650 | 7 |
_aالانسانية _2qrmak |
|
| 700 | 1 | _aالجيوسى : سلمى الخضراء | |
| 902 | _a1 | ||
| 905 |
_aجيهان _eمراجع |
||
| 905 |
_aمنى _eمدخل |
||
| 942 |
_2ddc _cBK |
||
| 999 |
_c100574 _d100574 |
||